Catálogo
 En Linea

Economía política del capital tecnológico / (Registro nro. 25682)

Detalles MARC
000 -CABECERA
campo de control de longitud fija 00702cam a2200217u 4500
001 - NÚMERO DE CONTROL
campo de control 000026190
005 - FECHA Y HORA DE LA ÚLTIMA TRANSACCIÓN
campo de control 20200930024358.0
008 - DATOS DE LONGITUD FIJA--INFORMACIÓN GENERAL
campo de control de longitud fija 860227s1996 ve 000 |bspa
020 ## - NÚMERO INTERNACIONAL ESTÁNDAR DEL LIBRO
Número Internacional Estándar del Libro 9800010815
040 ## - FUENTE DE LA CATALOGACIÓN
Centro catalogador/agencia de origen DO-SdBNP
Centro/agencia transcriptor spa
Centro/agencia modificador BNPHU
082 ## - NÚMERO DE LA CLASIFICACIÓN DECIMAL DEWEY
Número de clasificación xxx
Número de documento/Ítem L665e
100 1# - ENTRADA PRINCIPAL--NOMBRE DE PERSONA
Nombre de persona Levín, Pablo,
9 (RLIN) 53204
245 10 - MENCIÓN DE TÍTULO
Título Economía política del capital tecnológico /
Mención de responsabilidad, etc. Pablo Levín ; edición al cuidado Rosa Lucía Celi.
260 ## - PUBLICACIÓN, DISTRIBUCIÓN, ETC.
Lugar de publicación, distribución, etc. Caracas :
Nombre del editor, distribuidor, etc. CENDES,
Fecha de publicación, distribución, etc. 1996.
300 ## - DESCRIPCIÓN FÍSICA
Extensión 173 p. ;
Dimensiones 21 cm.
490 1# - MENCIÓN DE SERIE
Mención de serie Mención Publicación
500 ## - NOTA GENERAL
Nota general Bibliografía : p. 167-173
500 ## - NOTA GENERAL
Nota general Incluye notas al pie de páginas
700 1# - PUNTO DE ACCESO ADICIONAL--NOMBRE DE PERSONA
Nombre de persona Celi, Rosa Lucía,
Término indicativo de función/relación ed.
9 (RLIN) 49733
830 #0 - PUNTO DE ACCESO ADICIONAL DE SERIE-TÍTULO UNIFORME
Título uniforme Mención Publicación
9 (RLIN) 29065
Existencias
Estado de retiro Estado de pérdida Restricciones de uso No para préstamo Código de colección Localización permanente Ubicación/localización actual Ubicación en estantería Fecha de adquisición Número de inventario Total de préstamos Signatura topográfica completa Código de barras Fecha visto por última vez Precio válido a partir de Tipo de ítem Koha
      Excluido de préstamo Monografías: Libros y Folletos General General En catalogación 03.03.2011 LF1   xxx L665e 26190-10 25.06.2020 25.06.2020 No se presta

Con tecnología Koha